Sans Merci : (Registro nro. 185721)

Detalles MARC
000 -LEADER
campo de control de longitud fija 00650nam a2200193 i 4500
001 - NÚMERO DE CONTROL
campo de control 185721
003 - IDENTIFICADOR DE NÚMERO DE CONTROL
campo de control ES-MaACL
005 - FECHA Y HORA DE LA ÚLTIMA TRANSACCIÓN
campo de control 20230906222513.0
008 - DATOS DE LONGITUD FIJA--INFORMACIÓN GENERAL
campo de control de longitud fija 160804s1866 ger |||| | eng d
100 1# - ENTRADA PRINCIPAL--NOMBRE DE PERSONA
Nombre de persona Lawrence, George Alfred.
9 (RLIN) 160321
245 10 - MENCIÓN DEL TÍTULO
Título Sans Merci :
Resto del título or Kestrels and Falcons /
Mención de responsabilidad, etc. by the author of "Guy Livingstone" [George Alfred Lawrence].
260 ## - PUBLICACIÓN, DISTRIBUCIÓN, ETC.
Lugar de publicación, distribución, etc. Leipzig :
Nombre del editor, distribuidor, etc. Bernhard Tauchnitz,
Fecha de publicación, distribución, etc. [1866]
300 ## - DESCRIPCIÓN FÍSICA
Extensión 1 vol. ;
Dimensiones 16 cm.
490 1# - MENCIÓN DE SERIE
Mención de serie Collection of British Authors ;
Designación de volumen o secuencia 825-6
597 ## - NOTA DE DESCRIPCIÓN FÍSICA
NOTA DE DESCRIPCIÓN FÍSICA 2 t. en 1 vol.
830 0# - PUNTO DE ACCESO ADICIONAL DE SERIE-TÍTULO UNIFORME
Título uniforme Collection of British Authors ;
Designación de volumen o secuencia 825-6
9 (RLIN) 180703
852 ## - LOCALIZACIÓN
Ubicación ES-MaACL
Número de control de estantería G-13109
Existencias
Estatus retirado Estado de pérdida Estado de daño No para préstamo Colección Biblioteca de origen Biblioteca actual Ubicación en estantería Fecha de adquisición Fuente de adquisición Total de préstamos Signatura topográfica completa Código de barras Visto por última vez Precio de reemplazo Tipo de ítem Koha
        Libros del s. XIX Biblioteca del Ateneo de Madrid Biblioteca del Ateneo de Madrid Sala Pecera Planta 3 04/08/2016     G-13109 1195774 23/02/2023 23/02/2023 Libro impreso antiguo